A cor que se tem (Registo nº 4667)
[ vista simples ]
| 000 -Etiqueta do registo | |
|---|---|
| Cabeçalho | 00725nam0a2200241 4500 |
| 003 - Persistent Record Identifier | |
| control field | http://id.bnportugal.gov.pt/bib/porbase/12415 |
| 005 - Identificador da versão | |
| Campo de controlo | 20240821225546.0 |
| 021 ## - Número do Depósito Legal | |
| Código do país | PT |
| Número | 11552/86 |
| 100 ## - Dados gerais de processamento | |
| Dados gerais de processamento | 20190219d1986 m y0pory5003 ba |
| 101 0# - Língua de publicação | |
| Língua do texto, banda sonora, etc. | Português |
| 102 ## - Pais de publicação ou produção | |
| País de publicação | Portugal |
| 200 1# - Titulo e menção de responsabilidade | |
| Título próprio | A cor que se tem |
| Primeira menção de responsabilidade | Maria Cândida Mendonça |
| Outras menções de responsabilidade | il. de Francisco Tellechea |
| 210 ## - Publicação, Distribuição, etc. | |
| Lugar da edição, distribuição, etc. | Lisboa |
| Nome do editor, distribuidor, etc. | Plátano |
| Data da publicação, distribuição, etc. | D.L. 1986 |
| 215 ## - Descrição física | |
| Indicação específica da natureza do documento e extensão da espécie | 38 p. |
| Outras indicações físicas | il. color |
| 225 1# - Colecção | |
| Título próprio da colecção | A rã que ri |
| Indicação de volume | 22 |
| 606 ## - Nome comum usado como assunto | |
| Número de registo de entrada de autoridade | 0001358 |
| Palavra de ordem | Literatura portuguesa |
| Subdivisão de assunto | Poesia |
| Código do sistema | CA |
| 675 ## - Classificação Decimal Universal (CDU) | |
| Notação | 821.134.3-1 |
| Edição | 3ª ed. |
| Língua da edição | por |
| 700 #1 - Nome de autor-pessoa física (responsabilidade principal) | |
| Número de registo de entrada de autoridade | 0002073 |
| Palavra de ordem | Mendonça |
| Outra parte do nome não tomada para palavra de ordem | Maria Cândida |
| Datas | 1930-1997 |
| 702 #1 - Nome de autor-pessoa física (responsabilidade secundária) | |
| Número de registo de entrada de autoridade | 0002074 |
| Palavra de ordem | Tellechea |
| Outra parte do nome não tomada para palavra de ordem | Francisco |
| Código de função | Ilustrador / Técnico de desenho computorizado |
| 942 ## - Elementos de entrada adicionados (Koha) | |
| Tipo de item no Koha | Livro |
| 966 ## - Identificação da Biblioteca | |
| Sigla | EBVEN |
| Situação do levantamento | Origin of item (home branch) (coded) | Biblioteca de empréstimo | Código de barras | Cota | Circulation type (not for loan) | Tipo de documento | Nota do exemplar | Damaged status |
|---|---|---|---|---|---|---|---|---|
| Biblioteca Escolar das Vendas | Biblioteca Escolar das Vendas | BEV372 | 8POR MEN | Livro | Sem mensagem |
